| 000 | 01564nam0a22003371 4500 | ||
|---|---|---|---|
| 001 | rc\2281812 | ||
| 005 | 20250623042101.0 | ||
| 035 | _a(NLR Aleph) 006561038 | ||
| 090 |
_a6843691 _c6843691 |
||
| 100 | _a20110829d1977 |||y0rusy50 ca | ||
| 101 | 1 |
_arus _ceng |
|
| 102 | _aRU | ||
| 105 | _ay z ||||| | ||
| 200 | 1 |
_aВведение в индоарийское языкознание _eВосемь лекций, прочит. в 1940 г. в Гуджарат. о-ве родного яз. (Ахмадабад) _e[Пер. с англ.] _fСунити Кумар Чаттерджи _g[Предисл., с. 5-30, и коммент. Г.А. Зографа _gАН СССР, Ин-т востоковедения] |
|
| 210 |
_aМосква _cНаука _d1977 |
||
| 215 |
_a256 с. _d22 |
||
| 311 | _aПеревод изд.: Indo-Aryan and Hindi/ Suniti Kumar Chatterji (Calcutta, 1960) | ||
| 320 | _aСписок лит.: с. 250-255 (183 назв.) | ||
| 454 | 0 |
_12001#$aIndo-Aryan and Hindi$fSuniti Kumar Chatterji _1210##$aCalcutta$d1960 _1700#1$aChatterji$bS.K.$f1890-$gSuniti Kumar _tIndo-Aryan and Hindi _aChatterji, Suniti Kumar (1890-) |
|
| 606 |
_aИндийские языки _2psbo |
||
| 686 |
_aШ153.311,0 _2rubbk |
||
| 686 |
_aШ140-01 _2rubbk |
||
| 700 | 1 |
_aЧаттерджи _bС.К. _f1890- _gСунити Кумар |
|
| 702 | 1 |
_aЗограф _bГ.А. _4080 _4212 |
|
| 801 | 0 |
_aRU _bNLR _gpsbo |
|
| 801 | 1 |
_aRU _bELAR _2rusmarc |
|
| 852 |
_aNLR _j77-5/2628 |
||
| 899 |
_aRuMoRGB _jБ 77-7/582 |
||
| 899 |
_aRuMoRGB _jБ 77-7/583 |
||
| 942 | _cBOOK | ||
| 980 | _aNB | ||